| Tag |
First Indicator |
Second Indicator |
Subfields |
| LEADER |
00000cam a2200000Ia 4500 |
| 001 |
in00001817261 |
| 005 |
20151026051536.0 |
| 008 |
031028s2002 it aeh b 000 0 ita d |
| 020 |
|
|
|a 882225242X
|
| 035 |
|
|
|a (OCoLC)ocm53300033
|
| 040 |
|
|
|a SNN
|c SNN
|d C3L
|d TXA
|d UtOrBLW
|
| 041 |
1 |
|
|a ita
|h lat
|
| 043 |
|
|
|a e-it---
|
| 049 |
|
|
|a TXAM
|
| 082 |
1 |
0 |
|a 720
|2 12
|
| 090 |
|
|
|a NA2515.V63
|b M88 2002
|
| 100 |
1 |
|
|a Mussini, Massimo.
|
| 245 |
1 |
0 |
|a Francesco di Giorgio e Vitruvio :
|b le traduzioni del "De architectura" nei Codici Zichy, Spencer 129 e Magliabechiano II.I.141 /
|c Massimo Mussini.
|
| 264 |
|
1 |
|a [Mantova] :
|b L.S. Oschiki,
|c 2002.
|
| 300 |
|
|
|a 2 volumes (xxiv, 673 pages, 101 unnumbered pages of plates) :
|b illustrations, plans, facsimiles ;
|c 25 cm.
|
| 336 |
|
|
|a text
|b txt
|2 rdacontent
|
| 337 |
|
|
|a unmediated
|b n
|2 rdamedia
|
| 338 |
|
|
|a volume
|b nc
|2 rdacarrier
|
| 490 |
1 |
|
|a Ingenium ;
|v no. 6
|
| 504 |
|
|
|a Includes bibliographical references (pages 633-672).
|
| 600 |
0 |
0 |
|a Vitruvius Pollio.
|t De architectura.
|
| 600 |
1 |
0 |
|a Martini, Francesco di Giorgio,
|d 1439-1502.
|
| 650 |
|
0 |
|a Architecture
|v Early works to 1800.
|
| 700 |
0 |
|
|a Vitruvius Pollio.
|t De architectura.
|l Italian.
|
| 830 |
|
0 |
|a Ingenium ;
|v no. 6.
|
| 948 |
|
|
|a cataloged
|b h
|c 2004/5/19
|d c
|e jgreene
|f 11:00:38 am
|
| 994 |
|
|
|a E0
|b TXA
|
| 999 |
|
|
|a MARS
|
| 999 |
f |
f |
|s 3a626fac-6c78-39f4-b4e7-69f452836a3e
|i dc7d766f-3fe8-382c-8034-b6eee9590419
|t 0
|
| 952 |
f |
f |
|p ric
|a Texas A&M University
|b Rellis Campus
|c Joint Library Facility
|d Remote Storage
|t 0
|e NA2515.V63 M88 2002
|h Library of Congress classification
|i unmediated -- volume
|k 1
|m A14832238610
|
| 952 |
f |
f |
|p ric
|a Texas A&M University
|b Rellis Campus
|c Joint Library Facility
|d Remote Storage
|t 0
|e NA2515.V63 M88 2002
|h Library of Congress classification
|i unmediated -- volume
|k 2
|m A14831174627
|
| 998 |
f |
f |
|a NA2515.V63 M88 2002
|s 1-2
|t 0
|l Remote Storage
|